Word Ladder: Musical Style Quiz Stats

 Plays Quiz Updated Jul 11, 2014

Support Sporcle.
Go Orange.
Score 0/12 Timer 01:00
0 Plays Today
Hint 4-Letter Word % Correct
The 'shape' of ItalyBOOT
97.3%
Chess pieceROOK
92.9%
Moby-Dick, e.g.BOOK
91.2%
One of 5280 in a mileFOOT
90.2%
A military strongholdFORT
87.6%
IdiotFOOL
86.5%
Put a collection of data in orderSORT
82.5%
Bridge-crossing paymentTOLL
81.9%
Santa's sullierSOOT
80.5%
Workshop appliance or someone who's lameTOOL
78.4%
Music Term coined by Alan Freed: [First Rung] and [Last Rung]ROCK
62.8%
Music Term coined by Alan Freed: [First Rung] and [Last Rung]ROLL
58.9%

Today's Daily Dose

You're not logged in!

Compare scores with friends on all Sporcle quizzes.
OR
Log In

From the Vault

Movies of 2002

by grapefruitking

Have all of these movies been converted to 3D yet?
Remove Ads.
Support Sporcle.
Get the best of Sporcle when you Go Orange. This ad-free experience offers more features, more stats, and more fun while also helping to support Sporcle. Thank you for becoming a member.

Show Comments

Extras

Top Quizzes Today


Score Distribution

Your Account Isn't Verified!

In order to create a playlist on Sporcle, you need to verify the email address you used during registration. Go to your Sporcle Settings to finish the process.

Report this User

Report this user for behavior that violates our Community Guidelines.

Details: